| 000 -ლიდერი |
| ფიქსირებული სიგრძის საკონტროლო ველი |
02090nam a22002657a 4500 |
| 003 - საკონტროლო ნომრის იდენტიფიკატორი |
| საკონტროლო ველი |
Ge_BSU |
| 005 - ბოლო ოპერაციის თარიღი და დრო |
| საკონტროლო ველი |
20200219110619.0 |
| 008 - ფიქსირებული სიგრძის მონაცემთა ელემენტები - ზოგადი ინფორმაცია |
| ფიქსირებული სიგრძის საკონტროლო ველი |
200117s2017 ||||| |||| 00| 0 geo d |
| 020 ## - წიგნის საერთაშორისო სტანდარტული ნომერი |
| International Standard Book Number |
9789941096129 |
| 041 ## - ენის კოდი |
| Language code of text/sound track or separate title |
geo |
| 080 ## - უნივერსალური ათობითი კლასიფიკაციის ინდექსი |
| Universal Decimal Classification number |
69:620.9 ე-67 |
| 245 ## - ცნობა სათაურის შესახებ |
| Title |
ენერგოეფექტურობა მშენებლობაში : |
| Remainder of title |
[სახელმძღვანელო] / |
| Statement of responsibility, etc |
ბირგიტ დ. მაიერ-ვ ; ხათუნა სიჭინავა ; თომას დუცია [და სხვ.] წინასიტყვაობა : ირმა ქავთარაძე ; მარი შეფერი. |
| 264 ## - წარმოების, გამოცემის, დისტრიბუციის და სხვა ცნობები |
| გამოცემის, წარმოების, დისტრიბუციის... ადგილი |
თბ. ; |
| გამოცემის, წარმოების, დისტრიბუციის... სახელწოდება |
giz. ; |
| გამოცემის, წარმოების, დისტრიბუციის... თარიღი |
2017. |
| 300 ## - ფიზიკური აღწერა |
| Extent |
264 გვ .: |
| Other physical details |
ფოტ. ; |
| Dimensions |
24 სმ. |
| 504 ## - BIBLIOGRAPHY, ETC. NOTE |
| Bibliography, etc |
ბიბლიოგრ.: გვ. 260-261. |
| 521 ## - TARGET AUDIENCE NOTE |
| Target audience note |
გამოცემულია სამხრეთ კავკასიაში კერძო სექტორის განვითარებისა და პროფესიული განათლების პროგრამის მხარდაჭერით, გერმანიის საერთაშორისო თანამშრომლობის საზ-ბის (GIZ) მიერ, გერმანიის ეკონომიკური თანამშრომლობისა და განვითარების ფედერალური სამინისტროს (BMZ) სახელით |
| 653 ## - INDEX TERM--UNCONTROLLED |
| Uncontrolled term |
ენერგეტიკა ზოგადი ენერგეტიკა. |
| 653 ## - INDEX TERM--UNCONTROLLED |
| Uncontrolled term |
მშენებლობა |
| 700 ## - ADDED ENTRY--PERSONAL NAME |
| Personal name |
მაიერ-ვ , ბირგიტ დ. |
| 9 (RLIN) |
29 |
| 700 ## - ADDED ENTRY--PERSONAL NAME |
| Personal name |
სიჭინავა, ხათუნა |
| 9 (RLIN) |
30 |
| 700 ## - ADDED ENTRY--PERSONAL NAME |
| Personal name |
დუცია, თომას |
| 9 (RLIN) |
6214 |
| 700 ## - ADDED ENTRY--PERSONAL NAME |
| Personal name |
ქავთარაძე, ირმა |
| Relator term |
წინასიტყვაობა |
| 9 (RLIN) |
6215 |
| 700 ## - ADDED ENTRY--PERSONAL NAME |
| Personal name |
შეფერი, მარი |
| Relator term |
წინასიტყვაობა |
| 9 (RLIN) |
6216 |
| 942 ## - ADDED ENTRY ELEMENTS (KOHA) |
| Source of classification or shelving scheme |
|
| Koha item type |
წიგნი |